Rapaces en la naturaleza y en la historia (Registro nro. 14313)

Detalles MARC
000 -CABECERA
Campo de control 003530000a22001090004500
090 ## - CLASIFICACIÓN LOCAL
Colección AS
Consecutivo Seriadas
041 0# - IDIOMA
Código de idioma para texto/pista de sonido o título separado
100 1# - ASIENTO PRINCIPAL--NOMBRE PERSONAL
Nombre personal Torres Barreto, Alvaro
245 10 - MENCION DE TITULO
Título Rapaces en la naturaleza y en la historia
773 1# - Item fuente:
Título Revista de la Academia Colombiana de Ciencias Exactas, Fisicas y Naturales
Especificación de materiales 32
Descripción física 68
Paginas del Articulo 7-14
Lugar, editorial y fecha de publicación 1991
Información sobre la relación 18
942 ## - ELEMENTOS ADICIONALES (KOHA)
Tipo de ítem Artículo

No hay ítems disponibles.